Diseases of vegetable crops. (Record no. 11451)

MARC details
000 -LEADER
fixed length control field 00777cam a22002651 4500
001 - CONTROL NUMBER
control field agr52000409
003 - CONTROL NUMBER IDENTIFIER
control field DLC
005 - DATE AND TIME OF LATEST TRANSACTION
control field 20260227111016.0
008 - FIXED-LENGTH DATA ELEMENTS--GENERAL INFORMATION
fixed length control field 740830s1952 nyua b 000 0 eng c
010 ## - LIBRARY OF CONGRESS CONTROL NUMBER
LC control number agr52000409
015 ## - NATIONAL BIBLIOGRAPHY NUMBER
National bibliography number GB52-5658
035 ## - SYSTEM CONTROL NUMBER
System control number (OCoLC)993794
040 ## - CATALOGING SOURCE
Original cataloging agency U.S. Dept. of Agr. Library
Transcribing agency PSrS
Modifying agency OCoLC
-- NcRS
-- Uk
-- DLC
042 ## - AUTHENTICATION CODE
Authentication code premarc
050 00 - LIBRARY OF CONGRESS CALL NUMBER
Classification number SB732
Item number .W3
082 ## - DEWEY DECIMAL CLASSIFICATION NUMBER
Classification number 635
100 1# - MAIN ENTRY--PERSONAL NAME
Personal name Walker, J. C.
Fuller form of name (John Charles),
Dates associated with a name 1893-
245 10 - TITLE STATEMENT
Title Diseases of vegetable crops.
250 ## - EDITION STATEMENT
Edition statement 1st ed.
260 ## - PUBLICATION, DISTRIBUTION, ETC.
Place of publication, distribution, etc. New York,
Name of publisher, distributor, etc. McGraw-Hill,
Date of publication, distribution, etc. 1952.
300 ## - PHYSICAL DESCRIPTION
Extent ix, 529 p.
Other physical details illus.
Dimensions 24 cm.
440 #0 - SERIES STATEMENT/ADDED ENTRY--TITLE
Title McGraw-Hill publications in the agricultural sciences
504 ## - BIBLIOGRAPHY, ETC. NOTE
Bibliography, etc. note Includes bibliographies.
650 #0 - SUBJECT ADDED ENTRY--TOPICAL TERM
Topical term or geographic name entry element Vegetables
General subdivision Diseases and pests.

No items available.

Powered by Koha